| 000 | 01128nmc a2200373 a 4500 | ||
|---|---|---|---|
| 003 | AR-BaBNM | ||
| 005 | 20251128210725.0 | ||
| 008 | 271020s1998 ||||||||||||||000 | spa|| | ||
| 020 | _a950-07-1386-1 | ||
| 040 | _cAR-BaBNM | ||
| 245 | 1 | 0 |
_aRevolución, república, confederación _b1806-1852 |
| 260 |
_aBuenos Aires _bSudamericana _c1998 |
||
| 300 | 0 | _a445 p. | |
| 490 | 0 |
_aNueva Historia Argentina _vv. 3 |
|
| 500 | 0 | _aCada trabajo cuenta con referencias bibliográficas para consultar | |
| 600 | 1 | 4 | _aRivadavia, Bernardino |
| 600 | 1 | 4 | _aRosas, Juan Manuel De |
| 600 | 1 | 4 | _aSarmiento, Domingo Faustino |
| 600 | 1 | 4 |
_aEcheverría, Esteban _d1805-1851 |
| 650 | 4 | _aHISTORIA ARGENTINA | |
| 650 | 4 | _aROSAS Y SU TIEMPO | |
| 650 | 4 | _aGENERACION DE 1837 | |
| 650 | 4 | _aHISTORIA DE LAS IDEAS | |
| 650 | 4 | _aHISTORIA ECONOMICA | |
| 650 | 4 | _aHISTORIA SOCIAL | |
| 650 | 4 | _aGUERRA DEL BRASIL | |
| 650 | 4 | _aCAUDILLOS ARGENTINOS | |
| 650 | 4 | _aFEDERALISMO ARGENTINO | |
| 653 | 0 | _aHISTORIA URBANA | |
| 700 | 1 |
_aGoldman, Noemí _edirector |
|
| 800 | 1 |
_aSuriano, Juan _ecoordinador |
|
| 942 | _cBK | ||
| 998 | _cMariana | ||
| 999 |
_c16618 _d16618 |
||